Report the 5th simosium on international economic and business cooperation

Gespeichert in:
Bibliographische Detailangaben
Format: Buch
Sprache:Undetermined
Veröffentlicht: Tokyo Yomiuri International Economic Society 1975
Schlagworte:
Tags: Tag hinzufügen
Keine Tags, Fügen Sie den ersten Tag hinzu!
Thư viện lưu trữ: Trung tâm Học liệu Trường Đại học Cần Thơ
LEADER 00489nam a2200157Ia 4500
001 CTU_96796
008 210402s9999 xx 000 0 und d
082 |a 337.19 
082 |b R425 
245 0 |a Report the 5th simosium on international economic and business cooperation 
260 |a Tokyo 
260 |b Yomiuri International Economic Society 
260 |c 1975 
650 |a International economic relations 
904 |i M.Loan 
980 |a Trung tâm Học liệu Trường Đại học Cần Thơ